00420nam a22000977a 4500040000800000082002600008100002800034245020600062260002700268300002700295 cRUA aRUA NGO 2014 C108 Or. aNGO BUNTHAN, MEN SAROM. aProceedings of Agriculture and Rural Development (Sharing Together to improve Agricultural Productivities and Rural livelihood), October 31,2014 Royal Universithy Of Agriculture, Phnom Penh , Cambodia aPHNOM PENHbRUAc2014  axiv,183p.bill.c29cm.